[Event "Madrid ch 2016-2017 - Final"]
[Site "Madrid ESP"]
[Date "2017.06.10"]
[Round "6.10"]
[White "Elissalt Cardenas, Hector"]
[Black "Lopez De Turiso, Jose Angel"]
[Result "1/2-1/2"]
[WhiteElo "2380"]
[BlackElo "2061"]
[PlyCount "160"]
[EventDate "2017.06.05"]
[EventType "swiss"]
[EventRounds "9"]
[EventCountry "ESP"]
[SourceTitle "Ajedrez en Madrid"]
[Source "lmi"]
[SourceDate "2017.06.05"]

1. d4 Nf6 2. g3 d6 3. Bg2 Nbd7 4. e4 e5 5. Ne2 exd4 6. Nxd4 g6 7. c4 Bg7 8. Nc3
O-O 9. O-O Re8 10. h3 a6 11. Rb1 Rb8 12. Re1 Ne5 13. b3 c5 14. Nc2 Nc6 15. f4
Nh5 16. Ne2 f5 17. Bb2 Bxb2 18. Rxb2 Qf6 19. Rb1 fxe4 20. Qd2 Bd7 21. Rbd1 Re6
22. Ne3 Ne7 23. Rf1 Bc6 24. g4 Ng7 25. Nd5 Qf8 26. Nec3 Bxd5 27. cxd5 e3 28.
Qe2 Rf6 29. Ne4 b5 30. Qxe3 Nc8 31. Nxf6+ Qxf6 32. Qd2 Ne8 33. Rde1 Nc7 34. g5
Qg7 35. f5 gxf5 36. Rxf5 Ne7 37. Rf6 Rd8 38. Qa5 Ng6 39. Qb6 Nh4 40. Re4 Nxg2
41. Kxg2 h6 42. Rf5 Re8 43. Rxe8+ Nxe8 44. Qd8 Qg6 45. Qc8 hxg5 46. Qe6+ Kg7
47. Qe7+ Kh6 48. Rf2 c4 49. bxc4 bxc4 50. Qf8+ Kh7 51. Qf7+ Kh6 52. Qxg6+ Kxg6
53. Rc2 Nf6 54. Kg3 c3 55. Kf3 Nxd5 56. Ke4 Nb4 57. Rxc3 Nxa2 58. Rc6 Nb4 59.
Rxd6+ Kh5 60. Kf5 Nc2 61. Rxa6 Ne3+ 62. Ke4 Ng2 63. Ra8 Nf4 64. Rh8+ Kg6 65. h4
Kg7 66. Ra8 Kg6 67. Rg8+ Kh5 68. hxg5 Ng6 69. Ra8 Kxg5 70. Ra5+ Kf6 71. Rb5 Ne7
72. Rb6+ Kg5 73. Re6 Ng6 74. Re8 Kf6 75. Ra8 Kg5 76. Ra7 Kf6 77. Rb7 Kg5 78.
Rf7 Kg4 79. Rf1 Kg5 80. Rf2 Ne7 1/2-1/2

[Event "Madrid ch 2016-2017 - Final"]
[Site "Madrid ESP"]
[Date "2017.06.10"]
[Round "6.12"]
[White "Iagar, Razvan-Gabriel"]
[Black "Pablos Tenrero, Raquel"]
[Result "1-0"]
[WhiteElo "2183"]
[BlackElo "1988"]
[PlyCount "85"]
[EventDate "2017.06.05"]
[EventType "swiss"]
[EventRounds "9"]
[EventCountry "ESP"]
[SourceTitle "Ajedrez en Madrid"]
[Source "lmi"]
[SourceDate "2017.06.05"]

1. d4 Nf6 2. c4 e6 3. Nf3 Bb4+ 4. Bd2 Qe7 5. g3 O-O 6. Bg2 Bxd2+ 7. Qxd2 Ne4 8.
Qc2 d5 9. Nc3 Nxc3 10. Qxc3 c6 11. O-O Nd7 12. Rfe1 dxc4 13. Qxc4 e5 14. e4
exd4 15. Nxd4 Ne5 16. Qc3 h5 17. Nf5 Qf6 18. f4 Ng4 19. Qxf6 Nxf6 20. Nd6 Rd8
21. e5 Ne8 22. Nxc8 Raxc8 23. Bh3 Rc7 24. Rad1 Rxd1 25. Rxd1 Kf8 26. Kf2 g6 27.
Rd7 Rxd7 28. Bxd7 Nc7 29. Ke3 Ke7 30. Bh3 f6 31. Ke4 f5+ 32. Ke3 Nd5+ 33. Kd4
Nc7 34. Bf1 Ne6+ 35. Ke3 Nc5 36. Be2 Na4 37. b3 Nc3 38. a4 Nd5+ 39. Kd4 Nc7 40.
Bc4 Ne8 41. Kc5 Ng7 42. h4 Ne8 43. a5 1-0

[Event "Madrid ch 2016-2017 - Final"]
[Site "Madrid ESP"]
[Date "2017.06.10"]
[Round "6.13"]
[White "Casares Ripoll, Fernando"]
[Black "Pindado Campos, Raul"]
[Result "1-0"]
[WhiteElo "2087"]
[BlackElo "2056"]
[PlyCount "125"]
[EventDate "2017.06.05"]
[EventType "swiss"]
[EventRounds "9"]
[EventCountry "ESP"]
[SourceTitle "Ajedrez en Madrid"]
[Source "lmi"]
[SourceDate "2017.06.05"]

1. e4 g6 2. d4 Bg7 3. c3 d6 4. f4 Nd7 5. Nf3 Ngf6 6. e5 Nd5 7. Bc4 N7b6 8. Bb3
c5 9. dxc5 dxc5 10. c4 Nb4 11. Qxd8+ Kxd8 12. O-O Bf5 13. Nc3 f6 14. Be3 Rc8
15. Rad1+ Ke8 16. Rd2 Nd7 17. Ba4 Nc6 18. exf6 Bxf6 19. Nd5 Kf7 20. h3 Nb6 21.
Bxc6 bxc6 22. Nxb6 axb6 23. Ng5+ Kg7 24. g4 h6 25. gxf5 hxg5 26. fxg5 Bd4 27.
Bxd4+ cxd4 28. Rxd4 gxf5 29. Rxf5 Rxh3 30. Rd7 Rch8 31. Rxe7+ Kg6 32. Rf2 Rh1+
33. Kg2 R1h2+ 34. Kf1 Rxf2+ 35. Kxf2 Kxg5 36. Re6 Kf4 37. Ke2 Rh2+ 38. Kd3 Rxb2
39. Rxc6 Ke5 40. Kc3 Rxa2 41. Rxb6 Ra4 42. Kb3 Ra8 43. Kb4 Ra1 44. Kc5 Ra5+ 45.
Rb5 Ra6 46. Rb8 Ra5+ 47. Kb6 Ra4 48. Kb5 Ra1 49. Rd8 Rb1+ 50. Kc6 Ke6 51. Re8+
Kf7 52. Re2 Rb3 53. c5 Rb1 54. Kc7 Rb3 55. c6 Rb1 56. Kc8 Rb3 57. c7 Rb4 58.
Kd7 Rd4+ 59. Kc6 Rc4+ 60. Kd6 Rc3 61. Re5 Kf6 62. Rc5 Rd3+ 63. Kc6 1-0

[Event "Madrid ch 2016-2017 - Final"]
[Site "Madrid ESP"]
[Date "2017.06.10"]
[Round "6.15"]
[White "Gonzalez Rivera, Eduardo"]
[Black "Serrano Garcia, Vicente"]
[Result "1-0"]
[WhiteElo "2036"]
[BlackElo "1841"]
[PlyCount "65"]
[EventDate "2017.06.05"]
[EventType "swiss"]
[EventRounds "9"]
[EventCountry "ESP"]
[SourceTitle "Ajedrez en Madrid"]
[Source "lmi"]
[SourceDate "2017.06.05"]

1. e4 e6 2. d4 d5 3. Nd2 c5 4. Ngf3 Nc6 5. exd5 Qxd5 6. Bc4 Qd8 7. O-O Nf6 8.
Nb3 cxd4 9. Nbxd4 Nxd4 10. Nxd4 a6 11. a4 Be7 12. c3 O-O 13. Bg5 Qc7 14. Bd3 h6
15. Bh4 Rd8 16. Qe2 e5 17. Nf3 Bg4 18. h3 Bxf3 19. Qxf3 Qb6 20. Rfe1 Nd5 21.
Bxe7 Nxe7 22. Rxe5 Qd6 23. Rae1 Ng6 24. Bxg6 Qxg6 25. Qxb7 Rab8 26. Qe7 Rdc8
27. Qd7 f6 28. R5e2 Rd8 29. Qe6+ Kh8 30. Qxa6 Rd3 31. Qc6 Rxh3 32. Re8+ Rxe8
33. Qxe8+ 1-0

[Event "Madrid ch 2016-2017 - Final"]
[Site "Madrid ESP"]
[Date "2017.06.11"]
[Round "7.1"]
[White "Espinosa Aranda, Angel"]
[Black "Moreno Ruiz, Javier"]
[Result "1-0"]
[WhiteElo "2456"]
[BlackElo "2447"]
[PlyCount "103"]
[EventDate "2017.06.05"]
[EventType "swiss"]
[EventRounds "9"]
[EventCountry "ESP"]
[SourceTitle "Ajedrez en Madrid"]
[Source "lmi"]
[SourceDate "2017.06.05"]

1. e4 e6 2. d4 d5 3. Nd2 Be7 4. c3 c5 5. dxc5 Bxc5 6. Bd3 Nf6 7. Qe2 Nc6 8.
Ngf3 h6 9. O-O Qc7 10. e5 Nd7 11. Nb3 Be7 12. Re1 b6 13. Nbd4 Bb7 14. Nb5 Qb8
15. Bf4 g5 16. Bg3 h5 17. Nd6+ Kf8 18. h3 Nc5 19. Bc2 f5 20. Qe3 h4 21. Bh2 Rg8
22. Nd4 Nxd4 23. Qxd4 Ne4 24. c4 g4 25. Bf4 Ng5 26. hxg4 dxc4 27. Bxf5 exf5 28.
Qxc4 Bxd6 29. exd6 Qc8 30. Qd4 Nf7 31. Rac1 Bc6 32. Re7 Rxg4 33. f3 Bxf3 34.
Rxc8+ Rxc8 35. d7 Rc1+ 36. Kf2 Kxe7 37. gxf3 Rc2+ 38. Ke3 Rgg2 39. d8=Q+ Nxd8
40. Qd6+ Ke8 41. Qe5+ Kd7 42. Qxf5+ Ke8 43. Qe4+ Kd7 44. Qd5+ Ke8 45. Kd3 Rxb2
46. Bg5 Nf7 47. Qa8+ Kd7 48. Qxa7+ Kc6 49. Qxf7 h3 50. Qe6+ Kb7 51. Qd7+ Ka6
52. Qc8+ 1-0

[Event "Madrid ch 2016-2017 - Final"]
[Site "Madrid ESP"]
[Date "2017.06.11"]
[Round "7.2"]
[White "Martin Duque, Jesus"]
[Black "Candela Perez, Jose"]
[Result "1/2-1/2"]
[WhiteElo "2342"]
[BlackElo "2370"]
[PlyCount "103"]
[EventDate "2017.06.05"]
[EventType "swiss"]
[EventRounds "9"]
[EventCountry "ESP"]
[SourceTitle "Ajedrez en Madrid"]
[Source "lmi"]
[SourceDate "2017.06.05"]

1. e4 e5 2. Nf3 Nc6 3. Bc4 Bc5 4. c3 Nf6 5. d3 d6 6. O-O a6 7. a4 Ba7 8. Na3
O-O 9. Nc2 Be6 10. Bxe6 fxe6 11. Be3 Qe8 12. Bxa7 Rxa7 13. Ne3 Nh5 14. g3 Ra8
15. Nd2 Qg6 16. Kh1 Rf7 17. b4 Raf8 18. Qe2 Qh6 19. Ng4 Qg5 20. f3 Nf6 21. Ne3
Nh5 22. Ng4 Nf6 23. Ne3 Nh5 24. b5 Nb8 25. Rg1 axb5 26. axb5 Nd7 27. Ra7 Rb8
28. d4 Nhf6 29. Rf1 Qh5 30. Qc4 d5 31. exd5 Nb6 32. Qd3 exd5 33. dxe5 Qxe5 34.
Re1 Nfd7 35. Nc2 Qf5 36. Qxf5 Rxf5 37. f4 Nc5 38. Nd4 Rff8 39. Raa1 Rfe8 40.
Kg2 Kf7 41. N2f3 Nc4 42. Ne5+ Nxe5 43. fxe5 g6 44. h4 Ra8 45. e6+ Ke7 46. Rxa8
Rxa8 47. h5 Rf8 48. hxg6 hxg6 49. Re5 Rf6 50. Rxd5 Nxe6 51. Nxe6 Rxe6 52. Kf3
1/2-1/2

[Event "Madrid ch 2016-2017 - Final"]
[Site "Madrid ESP"]
[Date "2017.06.11"]
[Round "7.3"]
[White "Gascon Del Nogal, Jose Rafael"]
[Black "Pastor Alonso De Prado, Alberto"]
[Result "1-0"]
[WhiteElo "2490"]
[BlackElo "2169"]
[PlyCount "51"]
[EventDate "2017.06.05"]
[EventType "swiss"]
[EventRounds "9"]
[EventCountry "ESP"]
[SourceTitle "Ajedrez en Madrid"]
[Source "lmi"]
[SourceDate "2017.06.05"]

1. e4 b6 2. d4 Bb7 3. Nc3 e6 4. Nf3 Bb4 5. Bd3 Nf6 6. e5 Ne4 7. O-O Nxc3 8.
bxc3 Bxc3 9. Rb1 Nc6 10. Be4 Ba6 11. Rb3 Bxf1 12. Kxf1 Ba5 13. c4 h6 14. Ba3 f5
15. exf6 Qxf6 16. d5 Ne7 17. d6 Nc6 18. Bxc6 dxc6 19. d7+ Kf7 20. Bb2 e5 21.
Nxe5+ Kg8 22. Rf3 Qh4 23. g3 Qe4 24. d8=Q+ Rxd8 25. Qxd8+ Kh7 26. Qd3 1-0

[Event "Madrid ch 2016-2017 - Final"]
[Site "Madrid ESP"]
[Date "2017.06.11"]
[Round "7.4"]
[White "Almagro Llamas, Pablo"]
[Black "Martin Rueda, Daniel"]
[Result "1-0"]
[WhiteElo "2466"]
[BlackElo "2302"]
[PlyCount "107"]
[EventDate "2017.06.05"]
[EventType "swiss"]
[EventRounds "9"]
[EventCountry "ESP"]
[SourceTitle "Ajedrez en Madrid"]
[Source "lmi"]
[SourceDate "2017.06.05"]

1. Nf3 d5 2. c4 c6 3. e3 Nf6 4. Nc3 a6 5. d4 b5 6. b3 Bg4 7. Be2 e6 8. O-O Nbd7
9. h3 Bf5 10. Bd3 Bg6 11. a4 b4 12. Ne2 Bd6 13. Bb2 Qb8 14. Rc1 O-O 15. Bxg6
hxg6 16. Ne1 Rc8 17. Nd3 Ne4 18. f3 Nef6 19. Qd2 c5 20. cxd5 exd5 21. dxc5 Nxc5
22. Nxc5 Bxc5 23. Bd4 Qb6 24. Bxc5 Rxc5 25. Rxc5 Qxc5 26. Rc1 Qe7 27. Qd4 Re8
28. Kf2 g5 29. Rc6 a5 30. Ng3 Nd7 31. Nf5 Qe5 32. Qxe5 Nxe5 33. Rc7 Kf8 34. Ke2
g6 35. Nd4 f5 36. Kd2 f4 37. exf4 gxf4 38. Rc5 Kg7 39. Rxa5 g5 40. Rxd5 Kf6 41.
Rd6+ Kf7 42. Nc6 Nxc6 43. Rxc6 Re3 44. Rc2 Rxb3 45. Ra2 Re3 46. Kc1 Ke6 47. a5
b3 48. Ra4 Kd5 49. a6 Re8 50. a7 Ra8 51. Kb2 Kc6 52. Kxb3 Kb7 53. Kb4 Kb6 54.
Ra5 1-0

[Event "Madrid ch 2016-2017 - Final"]
[Site "Madrid ESP"]
[Date "2017.06.11"]
[Round "7.5"]
[White "Valles Moreno, Ivan"]
[Black "Martinez Fernandez, Raul"]
[Result "1/2-1/2"]
[WhiteElo "2438"]
[BlackElo "2066"]
[PlyCount "156"]
[EventDate "2017.06.05"]
[EventType "swiss"]
[EventRounds "9"]
[EventCountry "ESP"]
[SourceTitle "Ajedrez en Madrid"]
[Source "lmi"]
[SourceDate "2017.06.05"]

1. e4 e5 2. Nf3 Nc6 3. Bb5 a6 4. Ba4 Nf6 5. O-O b5 6. Bb3 Bc5 7. a4 Rb8 8. axb5
axb5 9. Nxe5 Nxe5 10. d4 Bxd4 11. Qxd4 d6 12. f4 Nc6 13. Qc3 Ne7 14. f5 d5 15.
Bf4 Nxe4 16. Qxg7 Rg8 17. Qe5 Bxf5 18. Nc3 Nxc3 19. Qxc3 Be4 20. Rf2 Ra8 21.
Re1 c6 22. Rxe4 dxe4 23. Bxf7+ Kxf7 24. Bc7+ Ke8 25. Bxd8 Ra1+ 26. Rf1 Rxf1+
27. Kxf1 Kxd8 28. Qd4+ Ke8 29. Qxe4 Rg6 30. b3 Kf7 31. c4 bxc4 32. bxc4 Rf6+
33. Kg1 Rg6 34. h4 h6 35. Kh2 Rf6 36. h5 Ng8 37. Qh7+ Kf8 38. Qc7 Ne7 39. g4
Ng8 40. Kg3 Ne7 41. Kh4 Kf7 42. Qe5 Rf1 43. Qe4 Rf6 44. g5 hxg5+ 45. Kxg5 Re6
46. Qd4 Ng8 47. Qf4+ Rf6 48. Qe5 Rf1 49. Qd4 Rf6 50. c5 Re6 51. Qc4 Ke7 52. Kf5
Nh6+ 53. Kf4 Nf7 54. Qb3 Rf6+ 55. Kg3 Kf8 56. Qb2 Kg7 57. Qd4 Nh6 58. Qd7+ Nf7
59. Qe7 Rh6 60. Kg4 Rf6 61. Kh4 Rh6 62. Qd7 Rf6 63. Qd4 Nh6 64. Qc3 Nf7 65.
Qg3+ Kh7 66. Qc7 Kg7 67. Qg3+ Kh7 68. Qe3 Kg7 69. Qe7 Rf4+ 70. Kg3 Rf6 71. Qc7
Kg8 72. Kg4 Kg7 73. Kg3 Kg8 74. Qb8+ Kg7 75. Qb2 Nh6 76. Qb7+ Nf7 77. Qb2 Nh6
78. Qb7+ Nf7 1/2-1/2

[Event "Madrid ch 2016-2017 - Final"]
[Site "Madrid ESP"]
[Date "2017.06.11"]
[Round "7.6"]
[White "Quevedo Marin, Manuel"]
[Black "Longa Yauca, Javier"]
[Result "0-1"]
[WhiteElo "2292"]
[BlackElo "2210"]
[PlyCount "78"]
[EventDate "2017.06.05"]
[EventType "swiss"]
[EventRounds "9"]
[EventCountry "ESP"]
[SourceTitle "Ajedrez en Madrid"]
[Source "lmi"]
[SourceDate "2017.06.05"]

1. e4 Nf6 2. e5 Nd5 3. d4 d6 4. c4 Nb6 5. exd6 cxd6 6. Nc3 g6 7. h3 Bg7 8. Nf3
O-O 9. Be2 Nc6 10. O-O e5 11. Bg5 f6 12. Be3 Kh8 13. Qd2 f5 14. Bg5 Bf6 15.
Bxf6+ Qxf6 16. dxe5 dxe5 17. c5 Nd7 18. Nd5 Qd8 19. Bb5 Nxc5 20. Nxe5 Nxe5 21.
Qd4 Qd6 22. f4 Be6 23. Bc4 Rad8 24. fxe5 Qc6 25. Rac1 Ne4 26. b4 Rxd5 27. Bxd5
Qxd5 28. Qxa7 Qxe5 29. Rfd1 b5 30. Rc7 Bg8 31. Rdd7 Nf6 32. Re7 Qa1+ 33. Kh2
Nd5 34. Rxh7+ Bxh7 35. Rxh7+ Kg8 36. Qd7 Qe5+ 37. Kh1 f4 38. Rh6 Ne7 39. Qb7
Kg7 0-1

[Event "Madrid ch 2016-2017 - Final"]
[Site "Madrid ESP"]
[Date "2017.06.11"]
[Round "7.8"]
[White "Quispe Arteaga, Gabriel"]
[Black "Rottenwohrer Suarez, Juan"]
[Result "1-0"]
[WhiteElo "2294"]
[BlackElo "2204"]
[PlyCount "141"]
[EventDate "2017.06.05"]
[EventType "swiss"]
[EventRounds "9"]
[EventCountry "ESP"]
[SourceTitle "Ajedrez en Madrid"]
[Source "lmi"]
[SourceDate "2017.06.05"]

1. d4 Nf6 2. c4 g6 3. Nc3 Bg7 4. g3 d6 5. Bg2 O-O 6. Nf3 Nc6 7. O-O Bf5 8. d5
Na5 9. Nh4 Bd7 10. Qd3 c5 11. b3 a6 12. Bb2 Rb8 13. Ne4 b5 14. Nxf6+ exf6 15.
Bc3 f5 16. Bxg7 Kxg7 17. Nf3 bxc4 18. Qc3+ f6 19. bxc4 Re8 20. e3 Rb4 21. Nd2
Qc7 22. a3 Rb7 23. Rab1 Reb8 24. Rxb7 Rxb7 25. e4 Qd8 26. Re1 Ra7 27. h3 h5 28.
exf5 Bxf5 29. f3 g5 30. g4 Bh7 31. gxh5 Rf7 32. h4 gxh4 33. Bh3 Kh8 34. Kh2 Nb7
35. f4 Qf8 36. Nf3 Re7 37. Be6 Qh6 38. Ng5 Rg7 39. Bf7 Rxg5 40. fxg5 Qxg5 41.
Qe3 Qe5+ 42. Qxe5 fxe5 43. h6 Na5 44. Kh3 Nxc4 45. Kxh4 Nd2 46. Kh5 c4 47. Bg6
Bg8 48. h7 Bxh7 49. Bxh7 Kxh7 50. Rc1 Kg7 51. Rc2 Nb3 52. Rxc4 Nc5 53. Kg5 Kf7
54. Kf5 Ke7 55. Rh4 Kd7 56. Rh7+ Kc8 57. Kf6 Kb8 58. Ke7 Kc7 59. Rh2 a5 60. Rc2
a4 61. Rc1 e4 62. Rc3 e3 63. Rxe3 Nb7 64. Rc3+ Kb6 65. Rc6+ Kb5 66. Rc7 Na5 67.
Kxd6 Nc4+ 68. Ke7 Nxa3 69. d6 Nc4 70. d7 a3 71. d8=Q 1-0

[Event "Madrid ch 2016-2017 - Final"]
[Site "Madrid ESP"]
[Date "2017.06.11"]
[Round "7.9"]
[White "Anton Veiga, Juan Carlos"]
[Black "Elissalt Cardenas, Hector"]
[Result "1/2-1/2"]
[WhiteElo "2096"]
[BlackElo "2380"]
[PlyCount "46"]
[EventDate "2017.06.05"]
[EventType "swiss"]
[EventRounds "9"]
[EventCountry "ESP"]
[SourceTitle "Ajedrez en Madrid"]
[Source "lmi"]
[SourceDate "2017.06.05"]

1. e4 d6 2. d4 Nf6 3. Nc3 e5 4. Nf3 Nbd7 5. Bc4 h6 6. Be3 c6 7. a4 a5 8. Qe2
Be7 9. Bb3 Qc7 10. Rd1 O-O 11. h3 exd4 12. Bxd4 Ne5 13. O-O b6 14. Qe3 Nfd7 15.
Qf4 Ba6 16. Rfe1 Rad8 17. Nh4 Bg5 18. Qg3 Nf6 19. Bxe5 dxe5 20. Nf5 Nh5 21. Qg4
Nf6 22. Qg3 Nh5 23. Qg4 Nf6 1/2-1/2

[Event "Madrid ch 2016-2017 - Final"]
[Site "Madrid ESP"]
[Date "2017.06.11"]
[Round "7.11"]
[White "Correas Gonzalez, Jose Ramon"]
[Black "Gonzalez Rivera, Eduardo"]
[Result "1-0"]
[WhiteElo "2055"]
[BlackElo "2036"]
[PlyCount "58"]
[EventDate "2017.06.05"]
[EventType "swiss"]
[EventRounds "9"]
[EventCountry "ESP"]
[SourceTitle "Ajedrez en Madrid"]
[Source "lmi"]
[SourceDate "2017.06.05"]

1. e4 e5 2. Nf3 Nc6 3. Bb5 a6 4. Ba4 Nf6 5. O-O Nxe4 6. d4 b5 7. Bb3 d5 8. dxe5
Be6 9. Nbd2 Nc5 10. c3 Be7 11. Bc2 Bg4 12. Re1 O-O 13. Nf1 Bh5 14. Ng3 Bg6 15.
Nf5 Qd7 16. Nxe7+ Nxe7 17. b4 Ne6 18. Nd4 Nxd4 19. cxd4 Bxc2 20. Qxc2 Nc8 21.
Re3 a5 22. Rh3 h6 23. Bxh6 gxh6 24. Rxh6 f5 25. exf6 Qf7 26. Rg6+ Kh8 27. Qf5
Qh7 28. Qg5 Rg8 29. f7 Qxg6 1-0

[Event "Madrid ch 2016-2017 - Final"]
[Site "Madrid ESP"]
[Date "2017.06.11"]
[Round "7.12"]
[White "Pablos Tenrero, Raquel"]
[Black "Pana, Dorin"]
[Result "1-0"]
[WhiteElo "1988"]
[BlackElo "2038"]
[PlyCount "103"]
[EventDate "2017.06.05"]
[EventType "swiss"]
[EventRounds "9"]
[EventCountry "ESP"]
[SourceTitle "Ajedrez en Madrid"]
[Source "lmi"]
[SourceDate "2017.06.05"]

1. d4 d5 2. Nc3 Nf6 3. Bf4 e6 4. e3 Bb4 5. Bd3 Nbd7 6. Nf3 Nh5 7. Bg3 Nxg3 8.
hxg3 h6 9. g4 Be7 10. Qe2 c5 11. dxc5 Nxc5 12. Bb5+ Bd7 13. Bxd7+ Nxd7 14. e4
dxe4 15. Nxe4 Qa5+ 16. c3 Nf6 17. Nfd2 O-O-O 18. Qc4+ Kb8 19. f3 Nd5 20. Nb3
Qb6 21. O-O-O Rc8 22. Qd4 Qa6 23. Kb1 Rhd8 24. Qxg7 Ne3 25. Rxd8 Rxd8 26. Nc1
Qb5 27. Qxf7 Ba3 28. b3 Nd1 29. Qf6 Rd7 30. Rxh6 Bxc1 31. Kxc1 a6 32. Qf8+ Ka7
33. Qc5+ Qxc5 34. Nxc5 Rd6 35. Ne4 Rd8 36. Rxe6 Ne3 37. g3 Rd1+ 38. Kb2 Rf1 39.
Rf6 Re1 40. g5 a5 41. c4 b5 42. cxb5 Nd5 43. Ra6+ Kb7 44. g6 Re2+ 45. Ka3 Nb4
46. Rxa5 Nc2+ 47. Ka4 Nd4 48. Kb4 Nxf3 49. Nc5+ Kb8 50. g7 Re8 51. Nd7+ Kc7 52.
Nf6 1-0

[Event "Madrid ch 2016-2017 - Final"]
[Site "Madrid ESP"]
[Date "2017.06.11"]
[Round "7.13"]
[White "Pindado Campos, Raul"]
[Black "Rosa Ramirez, Victor D"]
[Result "0-1"]
[WhiteElo "2056"]
[BlackElo "1957"]
[PlyCount "118"]
[EventDate "2017.06.05"]
[EventType "swiss"]
[EventRounds "9"]
[EventCountry "ESP"]
[SourceTitle "Ajedrez en Madrid"]
[Source "lmi"]
[SourceDate "2017.06.05"]

1. d4 Nf6 2. Nf3 d5 3. c4 e6 4. Nc3 c6 5. Bg5 Nbd7 6. e3 Qa5 7. Nd2 Bb4 8. Qc2
Ne4 9. Ndxe4 dxe4 10. Bf4 O-O 11. Be2 e5 12. dxe5 Nxe5 13. O-O Bxc3 14. bxc3
Bf5 15. Bxe5 Qxe5 16. Rfd1 Rad8 17. Rab1 b6 18. Rd2 c5 19. Rbd1 Rxd2 20. Qxd2
Be6 21. h3 h5 22. a3 g6 23. Kh1 Qf6 24. Kg1 Re8 25. Qc2 Qe5 26. Qa4 Re7 27.
Rd8+ Kg7 28. Qd1 Qxc3 29. Qd6 Qa1+ 30. Kh2 Qf6 31. Ra8 h4 32. Qb8 Kh6 33. f4
exf3 34. gxf3 Qb2 35. Kg1 Rd7 36. f4 Bxh3 37. Qf8+ Qg7 38. Qh8+ Qxh8 39. Rxh8+
Kg7 40. Rxh4 Rd2 41. Kf2 Be6 42. Ke1 Ra2 43. e4 Rxa3 44. Kd2 Ra2+ 45. Ke3 Ra4
46. Rh1 Bxc4 47. Bf3 Ra3+ 48. Kf2 Be6 49. Rg1 Kf6 50. Rf1 c4 51. Be2 Ra2 52.
Ke3 b5 53. Rg1 a5 54. e5+ Ke7 55. Rb1 b4 56. Bf1 Bf5 57. Rc1 c3 58. Bc4 Ra3 59.
Kd4 c2 0-1